000
00260nam a2200109Ia 4500
008
190216s9999||||xx |||||||||||||| ||und||
100
_a
Knut Sehnd J Nielson
245
0
_a
Animal Physiology
260
_b
Pentice Hall Of India
650
_a
Zoology
942
_c
BK
999
_c
37300
_d
37300